| 000 | 00946nam a2200217 i 4500 | ||
|---|---|---|---|
| 001 | 77969 | ||
| 003 | ES-MaACL | ||
| 005 | 20230906173500.0 | ||
| 007 | t| | ||
| 008 | 041116s1894 sp |||| | spa d | ||
| 245 | 0 | 3 |
_aEl continente americano _b: conferencias dadas en el Ateneo Científico, Literario y Artístico de Madrid con motivo del Cuarto Centenario del Descubrimiento de América. |
| 260 |
_aMadrid : _b[s.n.], _c1894 ( _fSucesores de Rivadeneyra) |
||
| 300 |
_a3 v. ; _c25 cm. |
||
| 530 | _aDisponible en formato digital. | ||
| 610 | 2 | 4 |
_aAteneo de Madrid- _vConferencias- _yS.XIX. _91910 |
| 651 | 4 |
_aAmérica- _xDescubrimientos y exploraciones- _vAniversarios y centenarios. _9138063 |
|
| 651 | 4 |
_aAmérica- _xDescubrimientos y exploraciones- _xEspañoles. _9138324 |
|
| 852 |
_aES-MaACL _jR-2603-05 _xOlim: B-4771-3 |
||
| 856 |
_uhttp://bdh-rd.bne.es/viewer.vm?id=0000134181&page=1 _zBiblioteca Digital Hispánica |
||
| 942 | _2ddc | ||
| 999 |
_c77969 _d77969 |
||